| 000 | 00432cam a22001097a 4500 | ||
|---|---|---|---|
| 008 | 180718b1958 xxu||||| |||| 00| 0 eng d | ||
| 082 | _aU61x54 In2in | ||
| 245 |
_aIndustrial and commercial projects in the public sector _cby Ministry of Finance, Department of Expenditure, India |
||
| 260 |
_a _bMinistry of Finance, Department of Expenditure _c1958 |
||
| 300 | _a542+p. | ||
| 700 | _aIndia. Department of Expenditure. Ministry of Finance | ||
| 999 |
_c498535 _d498535 |
||